000 00465nam a2200181Ia 4500
008 100921s9999 xx 000 0 und d
082 _b20755
_a820 थ 49
100 _aAurobindo.
245 _aThe Life Divine.
260 _b---
_c1949
300 _a1040
_b---
365 _b0
520 _aललित इंग्रजी.
630 _aThe Life Divine.
650 _aललित इंग्रजी.
730 _aThe Life Divine.
942 _cBOOK
999 _c769868
_d769865